| 000 | 00744nam a2200253Ia 4500 | ||
|---|---|---|---|
| 003 | OSt | ||
| 005 | 20220928125849.0 | ||
| 006 | a|||||r|||| 00| 0 | ||
| 007 | ta | ||
| 008 | 220927b |||||||| |||| 00| 0 eng d | ||
| 024 | _a25230 | ||
| 037 | _cTextual | ||
| 040 |
_aSDCL _cSDCL _beng |
||
| 041 |
_2eng _aeng |
||
| 082 | _aG:55.43'N, N8 | ||
| 100 |
_aGrove Richard H Ed. _9469871 |
||
| 245 | 0 | _aNature and the orient. | |
| 260 |
_aDelhi _bOxford University Press _c1998 |
||
| 300 |
_axx,1036p _ccm. |
||
| 700 |
_a Damodaran Vinita Ed. _9433391 |
||
| 700 |
_a Sangwan Satpal Ed. _9469872 |
||
| 942 |
_hG:55.43'N, N8 _cTEXL _2CC |
||
| 999 |
_c784668 _d784668 |
||